Chế độ giám sát trong nền đệ nhị cộng hòa Việt Nam
Đã lưu trong:
| 主要作者: | |
|---|---|
| 格式: | 圖書 |
| 語言: | Undetermined |
| 主題: | |
| 標簽: |
添加標簽
沒有標簽, 成為第一個標記此記錄!
|
| Thư viện lưu trữ: | Trung tâm Học liệu Trường Đại học Cần Thơ |
|---|
| LEADER | 00447nam a2200121Ia 4500 | ||
|---|---|---|---|
| 001 | CTU_26326 | ||
| 008 | 210402s9999 xx 000 0 und d | ||
| 100 | |a Phan Tư Giản | ||
| 245 | 0 | |a Chế độ giám sát trong nền đệ nhị cộng hòa Việt Nam | |
| 245 | 0 | |c Phan Tư Giản | |
| 650 | |a constitutional law,democracy | ||
| 904 | |i Nguyễn Quang Điền, 981013 | ||
| 980 | |a Trung tâm Học liệu Trường Đại học Cần Thơ | ||